| 000 | 00394nam a2200145 i 4500 | ||
|---|---|---|---|
| 001 | 71042 | ||
| 003 | ES-MaACL | ||
| 007 | t| | ||
| 008 | 040805s1904 xxk ||||1| eng d | ||
| 100 | 1 |
_aGaskoin, C. J. B. _955875 |
|
| 245 | 1 | 0 |
_aAlcuin _b: his life and his work / _cC.J.B. Gaskoin. |
| 260 |
_aLondon : _bClay and Sons, _c1904. |
||
| 300 |
_aXXII, 275 p. ; _c19 cm. |
||
| 852 |
_aES-MaACL _jC-987 |
||
| 999 |
_c71042 _d71042 |
||